000 01127nam a22002177a 4500
999 _c62764
_d62764
003 Ge_BSU
005 20250210153341.0
008 250210s2018 ge ||||| |||| 00| 0 geo d
020 _a9789941183126
041 _ageo
080 _a338(47+57) : 378.4(479.22)(045) ჯ-26
100 _aჯაფარიძე, დიმიტრი
_924294
245 _aსაბჭოთა ეკონომიკა /
_cდიმიტრი ჯაფარიძე; რედაქტორი ნატალია ვაჩეიშვილი.
264 _aთბილისი :
_bილიას სახელმწ. უნ-ტის გამ-ბა,
_c2018.
300 _a150 გვ. ;
_b16 სმ.
504 _aბიბლიოგრაფია: გვ. 147-150.
653 _aსაბჭოთა კავშირის ეკონომიკა
653 _aუნივერსიტეტები საქართველოში -- სტატიები
700 _aვაჩეიშვილი, ნატალია
_eრედაქტორი
_924295
942 _2udc
_cᲬᲘᲒᲜᲘ